Možnosti řešení problematických aktiv komerčních bank

Popis medzinárodných skúseností s riešením problematických aktív. Skúsenosti s USA, Nórskom, Východnou Áziou a Japonskom. Prístupy k riešeniu problematických aktív vo vybraných členských krajinách EÚ.

Uložené v:
Podrobná bibliografia
Hlavný autor: Kollár, Miroslav
Ďalší autori: Komárek, Luboš
Médium: Kapitola
Jazyk:Czech
Predmet:
Tagy: Pridať tag
Žiadne tagy, Buďte prvý, kto otaguje tento záznam!

MARC

LEADER 00000naa$a2200000$$$4500
001 0107528
005 20231121105243.6
041 0 |a cze 
044 |a CZ 
245 1 0 |a Možnosti řešení problematických aktiv komerčních bank  |c Miroslav Kollár, Luboš Komárek 
520 |a Popis medzinárodných skúseností s riešením problematických aktív. Skúsenosti s USA, Nórskom, Východnou Áziou a Japonskom. Prístupy k riešeniu problematických aktív vo vybraných členských krajinách EÚ. 
610 2 0 |a banky obchodné 
610 2 0 |a Japonsko 
610 2 0 |a USA 
610 2 0 |a SVE 
610 2 0 |a aktíva 
610 2 0 |a Nórsko 
610 2 0 |a východná Ázia 
610 2 0 |a reštrukturalizácia finančná 
100 1 |a Kollár, Miroslav 
700 1 |a Komárek, Luboš